Countries of The Arabian Empire - Statistics

General Stats
  • This quiz has been taken 179 times
  • The average score is 30 of 35
Answer Stats
Countries % Correct
Iraq
95%
Iran
94%
Oman
94%
Yemen
94%
Algeria
93%
Israel
93%
Morocco
93%
Qatar
93%
Saudi Arabia
93%
Turkey
93%
Bahrain
92%
Egypt
92%
Libya
90%
Pakistan
90%
Kuwait
89%
Tunisia
89%
Syria
88%
United Arab Emirates
88%
India
87%
Lebanon
87%
Afghanistan
86%
Jordan
85%
Armenia
82%
Azerbaijan
82%
Georgia
81%
Turkmenistan
79%
Cyprus
78%
Uzbekistan
78%
Tajikistan
77%
Kazakhstan
76%
Russia
76%
Spain
76%
Kyrgyzstan
74%
Portugal
67%
France
59%
No matching quizzes found
Score Distribution
Percent of People with Each Score
Percentile by Number Answered
Your Score History
You have not taken this quiz